000 00547nam a2200193 4500
001 109571
003 ES-MaACL
005 20230906184853.0
007 t|
008 061121s1958 sp r ||||1| spa d
100 1 _aMunarriz Urtasum, Eufrasio.
_984174
245 1 0 _a1813
_b: Novela histórica basada en el sitio de San Sebastián /
_cEufrasio Munarriz Urtasum.
260 _aPamplona :
_bGómez,
_c1958.
300 _a180 p. ;
_c19 cm.
490 1 _aIpar
830 0 _aIpar
_9183800
852 _aES-MaACL
_jC-15788
999 _c109571
_d109571